[Event "BL 0708 TV Tegernsee - Bindl-Aktionär"]
[Site "?"]
[Date "2008.04.05"]
[Round "12.3"]
[White "Bindrich, Falko"]
[Black "Teske, Henrik"]
[Result "1/2-1/2"]
[WhiteElo "2512"]
[BlackElo "2518"]
[PlyCount "111"]
[EventDate "2008.??.??"]

1. d4 d5 2. c4 c6 3. cxd5 cxd5 4. Nc3 Nf6 5. Bf4 e6 6. e3 Nc6 7. Nf3 Bd6 8. Bg3
a6 9. Bd3 O-O 10. Rc1 h6 11. Bb1 Re8 12. O-O Bxg3 13. hxg3 Qd6 14. Na4 Bd7 15.
Nc5 b6 16. Nxd7 Qxd7 17. Ne5 Nxe5 18. dxe5 Nh7 19. Qd4 Qb7 20. Rc3 Nf8 21. Rfc1
Rac8 22. e4 Red8 23. Rd1 Rxc3 24. Qxc3 Rd7 25. Rd4 b5 26. exd5 exd5 27. Rd1 Qb6
28. Qf3 Qc7 29. Qe3 d4 30. Qe4 Qc5 31. Bd3 a5 32. f4 g6 33. Qe1 Qb6 34. b4 Ra7
35. a3 Ne6 36. Qe4 axb4 37. axb4 Ra3 38. g4 Qd8 39. f5 Ng5 40. Qc6 Rc3 41. Qd6
Qc8 42. Qxd4 Rc1 43. Rxc1 Qxc1+ 44. Kh2 Qe1 45. fxg6 Qh4+ 46. Kg1 Qe1+ 47. Bf1
fxg6 48. Qb6 Kh7 49. e6 Qg3 50. Qa7+ Kg8 51. Qa8+ Kg7 52. Qa1+ Kh7 53. Qa7+ Kg8
54. Qa8+ Kg7 55. Qa1+ Kh7 56. Qa7+ 1/2-1/2

[Event "BL 0708 TV Tegernsee - Bindl-Aktionär"]
[Site "?"]
[Date "2008.04.05"]
[Round "12.4"]
[White "Bromberger, Stefan"]
[Black "Slobodjan, Roman"]
[Result "1/2-1/2"]
[WhiteElo "2491"]
[BlackElo "2547"]
[PlyCount "75"]
[EventDate "2008.??.??"]

1. e4 e5 2. Nf3 Nc6 3. Bb5 Nf6 4. O-O Nxe4 5. d4 Nd6 6. Bxc6 dxc6 7. dxe5 Nf5
8. Qxd8+ Kxd8 9. Nc3 Ne7 10. h3 Ng6 11. Ne4 h6 12. Re1 Bd7 13. Bd2 Kc8 14. Rad1
c5 15. Ng3 b6 16. Nh5 Kb7 17. g4 Bc6 18. Nh2 Nh4 19. f4 g6 20. Nf6 h5 21. Ne4
hxg4 22. hxg4 Be7 23. Bc3 Rh7 24. Rd2 Re8 25. Kf2 Nf5 26. Nf3 Bh4+ 27. Nxh4
Rxh4 28. Nf6 Reh8 29. gxf5 Rh2+ 30. Kg1 Rh1+ 31. Kf2 R1h2+ 32. Kg1 Rh1+ 33. Kf2
R8h2+ 34. Kg3 Rh3+ 35. Kf2 R3h2+ 36. Kg3 Rh3+ 37. Kf2 R3h2+ 38. Kg3 1/2-1/2

[Event "BL 0708 TV Tegernsee - Bindl-Aktionär"]
[Site "?"]
[Date "2008.04.05"]
[Round "12.5"]
[White "Bunzmann, Dimitri"]
[Black "Boensch, Uwe"]
[Result "1/2-1/2"]
[WhiteElo "2518"]
[BlackElo "2530"]
[PlyCount "34"]
[EventDate "2008.??.??"]

1. c4 e6 2. Nc3 d5 3. d4 Nf6 4. Nf3 Be7 5. Bf4 O-O 6. e3 b6 7. Qc2 Bb7 8. Rd1
h6 9. a3 dxc4 10. e4 b5 11. Nxb5 Bxe4 12. Qxc4 c6 13. Nc3 Bxf3 14. gxf3 Nd5 15.
Nxd5 cxd5 16. Qc1 Bg5 17. Bxg5 Qxg5 1/2-1/2

[Event "BL 0708 TV Tegernsee - Bindl-Aktionär"]
[Site "?"]
[Date "2008.04.05"]
[Round "12.6"]
[White "Kindermann, Stefan"]
[Black "Markos, Jan"]
[Result "0-1"]
[WhiteElo "2528"]
[BlackElo "2565"]
[PlyCount "90"]
[EventDate "2008.??.??"]

1. e4 c5 2. Nf3 Nc6 3. Bb5 d6 4. O-O Bd7 5. c3 Nf6 6. Re1 a6 7. Ba4 b5 8. Bc2
e5 9. h3 Be7 10. d4 O-O 11. Nbd2 cxd4 12. cxd4 Qc7 13. Nb3 a5 14. Be3 a4 15.
Nbd2 Nb4 16. Bb1 Rfc8 17. Qe2 a3 18. bxa3 Rxa3 19. Nb3 Rca8 20. Qb2 d5 21. Rc1
Qd8 22. Nc5 dxe4 23. Nxe5 Bxc5 24. Rxc5 Nd3 25. Bxd3 exd3 26. Bg5 h6 27. Bxf6
gxf6 28. Nf3 Qe7 29. Qd2 Qe2 30. Qxh6 Rxa2 31. Rxa2 Rxa2 32. Qh4 Kf8 33. Rh5
Qe6 34. Rh8+ Ke7 35. d5 Ra1+ 36. Kh2 Qd6+ 37. g3 Ra4 38. Qh6 Qxd5 39. Qe3+ Re4
40. Qh6 Re2 41. Qf8+ Ke6 42. Rh7 Rxf2+ 43. Kg1 Rf1+ 44. Kxf1 Qxf3+ 45. Kg1 Qd1+
0-1

[Event "BL 0708 TV Tegernsee - Bindl-Aktionär"]
[Site "?"]
[Date "2008.04.05"]
[Round "12.7"]
[White "Stohl, Igor Dr"]
[Black "Hertneck, Gerald"]
[Result "1/2-1/2"]
[WhiteElo "2545"]
[BlackElo "2508"]
[PlyCount "43"]
[EventDate "2008.??.??"]

1. Nf3 e6 2. c4 c5 3. g3 b6 4. Bg2 Bb7 5. O-O Nf6 6. Nc3 Be7 7. d4 cxd4 8. Qxd4
d6 9. b3 O-O 10. Rd1 Nbd7 11. e4 Qb8 12. Ba3 Nc5 13. e5 dxe5 14. Qxe5 Qxe5 15.
Nxe5 Bxg2 16. Kxg2 Rfc8 17. Na4 Rc7 18. Bxc5 bxc5 19. Rd3 Ne8 20. f4 f6 21. Nf3
Rd8 22. Rad1 1/2-1/2

[Event "BL 0708 TV Tegernsee - Bindl-Aktionär"]
[Site "?"]
[Date "2008.04.05"]
[Round "12.8"]
[White "Stangl, Markus"]
[Black "Schneider, Ilja"]
[Result "0-1"]
[WhiteElo "2453"]
[BlackElo "2442"]
[PlyCount "72"]
[EventDate "2008.??.??"]

1. Nf3 Nf6 2. c4 e6 3. g3 a6 4. Bg2 b5 5. O-O Bb7 6. d4 c5 7. d5 bxc4 8. dxe6
fxe6 9. Qa4 Be7 10. Nc3 O-O 11. Qxc4 d5 12. Qh4 d4 13. Na4 e5 14. Nxe5 Bxg2 15.
Kxg2 Nc6 16. Nf3 Qa5 17. b3 Qb5 18. Qh3 Rae8 19. Re1 Bd8 20. Ba3 Ba5 21. Bxc5
Bxe1 22. Rxe1 Rf7 23. Bxd4 Nxd4 24. Nxd4 Qd5+ 25. Nf3 Ne4 26. Qh4 Qc6 27. Nb2
Nd2 28. Nd3 Nxf3 29. exf3 Qxf3+ 30. Kh3 Qf5+ 31. Qg4 Qxg4+ 32. Kxg4 Rxe1 33.
Nxe1 Rxf2 34. a3 Rb2 35. b4 Rxh2 36. a4 Rb2 0-1

[Event "BL 0708 SC Eppingen - Erfurter SK"]
[Site "?"]
[Date "2008.04.05"]
[Round "12.1"]
[White "Kraemer, Martin"]
[Black "Berkes, Ferenc"]
[Result "1/2-1/2"]
[WhiteElo "2436"]
[BlackElo "2606"]
[PlyCount "121"]
[EventDate "2008.??.??"]

1. d4 Nf6 2. c4 e6 3. g3 c5 4. Nf3 cxd4 5. Nxd4 Qc7 6. Bg2 Qxc4 7. Nc3 a6 8.
O-O Nc6 9. Nb3 d5 10. Bf4 Be7 11. a3 a5 12. Rc1 Qa6 13. a4 O-O 14. Nb5 Qb6 15.
Bc7 Qa6 16. Nc5 Bxc5 17. Rxc5 Ne8 18. Bf4 e5 19. Bg5 h6 20. Bd2 Nf6 21. Nc7 Qb6
22. Rxc6 bxc6 23. Nxa8 Qa7 24. Qb3 Bg4 25. Qc3 Rxa8 26. h3 Bd7 27. Qxe5 Re8 28.
Qc3 c5 29. Bxh6 d4 30. Qf3 Qa6 31. Bf4 Bxa4 32. Qa3 Bb5 33. Qxc5 Bxe2 34. Ra1
d3 35. Rxa5 Qe6 36. Qd4 Ne4 37. Kh2 Qf6 38. Qa4 Qd8 39. Bxe4 Rxe4 40. Qxe4 Qxa5
41. Qe8+ Kh7 42. Qxf7 d2 43. b4 Qd8 44. Qf5+ Kh8 45. Bxd2 Qxd2 46. Qf8+ Kh7 47.
Qc5 Qd3 48. g4 Qc4 49. Qe3 Qc2 50. Kg3 Bc4 51. Qc5 Qd3+ 52. f3 Kg8 53. h4 Ba6
54. Qe7 Qf1 55. Qe8+ Kh7 56. Qe4+ Kg8 57. h5 Qg1+ 58. Kf4 Qc1+ 59. Kg3 Qg1+ 60.
Kf4 Qc1+ 61. Kg3 1/2-1/2

[Event "BL 0708 SC Eppingen - Erfurter SK"]
[Site "?"]
[Date "2008.04.05"]
[Round "12.2"]
[White "Braun, Arik"]
[Black "Votava, Jan"]
[Result "1-0"]
[WhiteElo "2541"]
[BlackElo "2546"]
[PlyCount "65"]
[EventDate "2008.??.??"]

1. d4 d5 2. c4 c6 3. Nf3 Nf6 4. Nc3 e6 5. Bg5 h6 6. Bxf6 Qxf6 7. Qb3 Nd7 8. e4
dxe4 9. Nxe4 Qf4 10. Bd3 Be7 11. O-O O-O 12. Rfe1 c5 13. d5 exd5 14. cxd5 Nb6
15. Rad1 Bg4 16. d6 Bd8 17. Re3 Be6 18. Qa3 c4 19. Bb1 Nd7 20. Ng3 Bb6 21. Re4
Qf6 22. Nh5 Qd8 23. Qc3 Nf6 24. Rxe6 fxe6 25. Qc2 Bxf2+ 26. Kh1 Qa5 27. Nxf6+
Rxf6 28. Qxf2 Rd8 29. Qc2 Qc5 30. Qh7+ Kf7 31. Rf1 e5 32. Ng5+ hxg5 33. Rxf6+
1-0

[Event "BL 0708 SC Eppingen - Erfurter SK"]
[Site "?"]
[Date "2008.04.05"]
[Round "12.4"]
[White "Balogh, Csaba"]
[Black "Kuczynski, Robert"]
[Result "1-0"]
[WhiteElo "2561"]
[BlackElo "2483"]
[PlyCount "149"]
[EventDate "2008.??.??"]

1. e4 c5 2. Nf3 d6 3. d4 cxd4 4. Nxd4 Nf6 5. Nc3 a6 6. Be3 e5 7. Nf3 Qc7 8. a4
Be7 9. a5 O-O 10. Be2 Nc6 11. Bb6 Qd7 12. Nd2 d5 13. Nxd5 Nxd5 14. exd5 Qxd5
15. O-O Be6 16. c3 Bd8 17. Nc4 Bxb6 18. Nxb6 Qxd1 19. Rfxd1 Rad8 20. b4 e4 21.
Na4 Rxd1+ 22. Bxd1 Ne5 23. Nc5 Bd5 24. Bc2 f5 25. Rd1 Bc6 26. Bb3+ Kh8 27. Rd6
g6 28. Bd5 Rc8 29. Kf1 Nd3 30. Nxd3 Bxd5 31. Rxd5 exd3 32. Rxd3 Kg7 33. Ke2 Rc7
34. Kd2 Kf6 35. h4 Ke5 36. Rd4 f4 37. g3 fxg3 38. fxg3 h5 39. Kd3 Rf7 40. Re4+
Kd5 41. c4+ Kd6 42. Rf4 Rg7 43. Rf6+ Ke5 44. Rf8 g5 45. Rh8 gxh4 46. Rxh5+ Kd6
47. gxh4 Rg3+ 48. Kc2 Rg2+ 49. Kb3 Rg3+ 50. Ka4 Rg4 51. c5+ Kc6 52. Rh6+ Kc7
53. Rh8 Kc6 54. h5 Rh4 55. h6 Kd5 56. Kb3 Rh3+ 57. Kc2 Kc4 58. h7 Rc3+ 59. Kd2
Rd3+ 60. Ke2 Rd7 61. Ke3 Rc7 62. Ke4 Kxb4 63. c6 Kxa5 64. Rb8 Rxh7 65. Rxb7
Rh4+ 66. Kd5 Rh5+ 67. Kd6 Rh6+ 68. Kc7 Ka4 69. Rb8 a5 70. Kb7 Ka3 71. c7 Rh7
72. Kb6 Rxc7 73. Kxc7 a4 74. Kc6 Ka2 75. Kc5 1-0

[Event "BL 0708 SC Eppingen - Erfurter SK"]
[Site "?"]
[Date "2008.04.05"]
[Round "12.5"]
[White "Machelett, Heiko"]
[Black "Acs, Peter"]
[Result "1/2-1/2"]
[WhiteElo "2430"]
[BlackElo "2548"]
[PlyCount "49"]
[EventDate "2008.??.??"]

1. d4 d5 2. c4 c6 3. Nc3 Nf6 4. cxd5 cxd5 5. Bf4 Nc6 6. e3 a6 7. Bd3 Bg4 8.
Nge2 e6 9. Rc1 Nd7 10. O-O Be7 11. a3 Bh5 12. Bg3 O-O 13. Qb3 Nb6 14. Nf4 Bg6
15. Nxg6 hxg6 16. Na4 Nxa4 17. Qxa4 Qd7 18. Rc3 b5 19. Qc2 Na5 20. Rc1 Nc4 21.
Qe2 Rfc8 22. R3c2 Nb6 23. Bc7 Nc4 24. Bg3 Nb6 25. Bc7 1/2-1/2

[Event "BL 0708 SC Eppingen - Erfurter SK"]
[Site "?"]
[Date "2008.04.05"]
[Round "12.6"]
[White "Guliyev, Namig"]
[Black "Mueller, Matthias"]
[Result "1/2-1/2"]
[WhiteElo "2560"]
[BlackElo "2405"]
[PlyCount "70"]
[EventDate "2008.??.??"]

1. e4 e5 2. Nf3 Nc6 3. Bb5 a6 4. Ba4 Nf6 5. O-O Be7 6. Re1 b5 7. Bb3 d6 8. c3
O-O 9. h3 Na5 10. Bc2 c5 11. d4 Qc7 12. Nbd2 cxd4 13. cxd4 Nc6 14. Nb3 a5 15.
Be3 a4 16. Nbd2 Bd7 17. a3 Rfe8 18. Bd3 Qb7 19. Qe2 Rab8 20. Rab1 exd4 21. Nxd4
Ne5 22. Bc2 Ng6 23. f4 Bd8 24. Kh1 Ba5 25. b4 axb3 26. N4xb3 Bb6 27. Nd4 Nd5
28. f5 Nxe3 29. fxg6 Bxd4 30. gxf7+ Kxf7 31. Bb3+ Be6 32. Nf3 Bxb3 33. Nxd4
Qxe4 34. Nxb3 Kg8 35. Nd2 Qa8 1/2-1/2

[Event "BL 0708 SC Eppingen - Erfurter SK"]
[Site "?"]
[Date "2008.04.05"]
[Round "12.7"]
[White "Enders, Peter"]
[Black "Medvegy, Zoltan"]
[Result "0-1"]
[WhiteElo "2441"]
[BlackElo "2512"]
[PlyCount "90"]
[EventDate "2008.??.??"]

1. e4 c6 2. d4 d5 3. Nc3 dxe4 4. Nxe4 Bf5 5. Ng3 Bg6 6. h4 h6 7. Nf3 Nd7 8. h5
Bh7 9. Bd3 Bxd3 10. Qxd3 e6 11. Bf4 Qa5+ 12. Bd2 Bb4 13. c3 Be7 14. O-O Ngf6
15. c4 Qc7 16. c5 O-O 17. b4 Rfd8 18. Qe2 b6 19. Rab1 Rab8 20. a4 bxc5 21. bxc5
Nd5 22. Ne4 Rxb1 23. Rxb1 Rb8 24. Qd1 f5 25. Ng3 Rxb1 26. Qxb1 Qb8 27. Qc2 Bd8
28. Qd3 Qb7 29. Qe2 Kf7 30. Nf1 Bc7 31. Ne3 Nxe3 32. fxe3 Qb1+ 33. Be1 Bg3 34.
Kf1 Nf6 35. Qa6 Nd5 36. Qxa7+ Kg8 37. Qa6 Nxe3+ 38. Ke2 f4 39. Qd3 Qa2+ 40. Qd2
Qa1 41. Qd3 Bxe1 42. Nxe1 Nf5 43. Nc2 Qxa4 44. Kf2 Qa2 45. Qe4 Kf7 0-1

[Event "BL 0708 SC Eppingen - Erfurter SK"]
[Site "?"]
[Date "2008.04.05"]
[Round "12.8"]
[White "Vogt, Lothar"]
[Black "Casper, Thomas"]
[Result "1/2-1/2"]
[WhiteElo "2473"]
[BlackElo "2421"]
[PlyCount "81"]
[EventDate "2008.??.??"]

1. Nf3 Nf6 2. c4 d6 3. d4 Nbd7 4. Nc3 e5 5. Bg5 Be7 6. Qc2 h6 7. Bh4 c6 8. e3
Nh5 9. Bxe7 Qxe7 10. Be2 Nhf6 11. O-O O-O 12. b4 Re8 13. Rae1 e4 14. Nd2 Nf8
15. f3 exf3 16. Bxf3 N8h7 17. e4 Ng5 18. Kh1 Bf5 19. Qd1 Bg6 20. a3 Rad8 21.
Qe2 Qc7 22. Qf2 a5 23. b5 a4 24. bxc6 bxc6 25. d5 Qa5 26. Qd4 Rc8 27. Bd1 Re5
28. h4 c5 29. Qd3 Ngh7 30. Bxa4 Ng4 31. Bd1 Nhf6 32. Rf4 h5 33. Nb5 Qd8 34. g3
Ra8 35. Kg1 Qe7 36. Bxg4 hxg4 37. Kg2 Kh7 38. Kh2 Re8 39. Nc3 Qd7 40. Qe2 Qa7
41. Nb5 1/2-1/2

[Event "BL 0708 SC Kreuzberg - Hamburger SK"]
[Site "?"]
[Date "2008.04.06"]
[Round "13.1"]
[White "Wojtaszek, Radoslav"]
[Black "Luther, Thomas"]
[Result "1/2-1/2"]
[WhiteElo "2635"]
[BlackElo "2534"]
[PlyCount "97"]
[EventDate "2008.??.??"]

1. d4 d5 2. c4 c6 3. Nf3 Nf6 4. Nc3 e6 5. Bg5 Nbd7 6. cxd5 exd5 7. e3 Be7 8.
Bd3 Ne4 9. Bxe4 Bxg5 10. Bd3 Be7 11. Qc2 Nf6 12. h3 Be6 13. g4 Qa5 14. Nd2 Bb4
15. a3 Bxc3 16. Qxc3 Qxc3 17. bxc3 Rc8 18. Ke2 O-O 19. a4 Ne8 20. c4 dxc4 21.
Bxc4 Bxc4+ 22. Nxc4 f6 23. Rab1 Rf7 24. e4 Rd7 25. Rhd1 b6 26. f4 Nc7 27. f5
Rcd8 28. Ke3 Re8 29. Rbc1 b5 30. axb5 cxb5 31. Na5 b4 32. Kd3 Nb5 33. Nc6 a5
34. Rc5 Nc3 35. Re1 Na4 36. Rxa5 Nb2+ 37. Kc2 Nc4 38. Rc5 Nd6 39. e5 fxe5 40.
dxe5 Nb7 41. Rc4 Nd6 42. Rd4 Rc8 43. Kb3 Rxc6 44. Red1 Rc3+ 45. Kxb4 Rc8 46.
exd6 Rb7+ 47. Ka3 Rcb8 48. Ra4 Kf8 49. d7 1/2-1/2

[Event "BL 0708 SC Kreuzberg - Hamburger SK"]
[Site "?"]
[Date "2008.04.06"]
[Round "13.2"]
[White "Tischbierek, Raj"]
[Black "Gustafsson, Jan"]
[Result "1/2-1/2"]
[WhiteElo "2487"]
[BlackElo "2606"]
[PlyCount "72"]
[EventDate "2008.??.??"]

1. g3 d5 2. Bg2 e5 3. d3 Nf6 4. Nf3 Bd6 5. O-O O-O 6. Nc3 c6 7. e4 dxe4 8. dxe4
Re8 9. h3 Na6 10. Nh4 Bf8 11. Bg5 h6 12. Qxd8 Rxd8 13. Bxf6 gxf6 14. Rfd1 Be6
15. a3 Nc5 16. Nf5 b5 17. Ne3 Na4 18. Nxa4 bxa4 19. Rd3 Rxd3 20. cxd3 Rb8 21.
Nd1 Bc5 22. Rc1 Bd4 23. Bf3 Rb3 24. Bg4 Rxd3 25. Kf1 c5 26. Ke1 Rb3 27. Bxe6
fxe6 28. Rc4 Bxb2 29. Nxb2 Rxb2 30. Rxa4 Rb7 31. Ra6 Kf7 32. Rc6 Rb1+ 33. Ke2
Rb2+ 34. Ke1 Rb1+ 35. Ke2 Rb2+ 36. Ke1 Rb1+ 1/2-1/2

[Event "BL 0708 SC Kreuzberg - Hamburger SK"]
[Site "?"]
[Date "2008.04.06"]
[Round "13.3"]
[White "Ftacnik, Lubomir Dr"]
[Black "Kalinitschew, Sergey"]
[Result "1-0"]
[WhiteElo "2553"]
[BlackElo "2489"]
[PlyCount "119"]
[EventDate "2008.??.??"]

1. Nf3 e6 2. c4 f5 3. g3 b6 4. Bg2 Bb7 5. b3 Nf6 6. Bb2 Be7 7. O-O O-O 8. Nc3
Qe8 9. d4 Ne4 10. d5 Nxc3 11. Bxc3 Na6 12. Nd2 exd5 13. cxd5 Bb4 14. Bb2 Bxd2
15. Qxd2 Nc5 16. Qc2 a5 17. a3 Qf7 18. b4 Ne4 19. Qxc7 Bxd5 20. Qxb6 Bc4 21.
Qd4 d5 22. Rfc1 Bxe2 23. Rc6 axb4 24. axb4 Rxa1+ 25. Bxa1 Bc4 26. Qb6 Qh5 27.
f3 Qg5 28. f4 Qh5 29. Qd4 Nf6 30. Re6 Re8 31. Rxe8+ Qxe8 32. Qe5 Qd7 33. Bd4
Kf7 34. h3 h5 35. Bf3 Kg6 36. Bd1 Bd3 37. Qe3 Be4 38. Qe2 Qc7 39. b5 h4 40. b6
Qc1 41. b7 Qa3 42. b8=Q Qxg3+ 43. Kf1 Bd3 44. Bxf6 Qxh3+ 45. Ke1 Bxe2 46. Bxe2
Qg3+ 47. Kd2 Kxf6 48. Qd6+ Kf7 49. Qxd5+ Kg6 50. Qe6+ Kh7 51. Qxf5+ Qg6 52.
Qxg6+ Kxg6 53. Bg4 Kf6 54. Kd3 g6 55. Kd4 Ke7 56. Ke5 Kf7 57. Bh3 Kg7 58. Ke6
Kh6 59. Kf6 Kh5 60. Bd7 1-0

[Event "BL 0708 SC Kreuzberg - Hamburger SK"]
[Site "?"]
[Date "2008.04.06"]
[Round "13.4"]
[White "Volke, Karsten"]
[Black "Kempinski, Robert"]
[Result "0-1"]
[WhiteElo "2472"]
[BlackElo "2596"]
[PlyCount "64"]
[EventDate "2008.??.??"]

1. d4 Nf6 2. c4 g6 3. Nc3 Bg7 4. e4 O-O 5. Nf3 d6 6. Be2 Na6 7. O-O e5 8. Re1
Qe8 9. Bf1 Bg4 10. d5 Nh5 11. h3 Bd7 12. Rb1 Nc5 13. Nb5 Bxb5 14. cxb5 Bf6 15.
Qc2 Bd8 16. b4 Nd7 17. Bh6 Ng7 18. Rb3 Kh8 19. Rc3 Qe7 20. Nd2 Qh4 21. Be3 f5
22. Nf3 Qe7 23. Bh6 fxe4 24. Ng5 Nf5 25. Bxf8 Qxg5 26. Bxd6 cxd6 27. Rc8 Nd4
28. Qc1 Nf3+ 29. Kh1 Rxc8 30. Qxc8 Nxe1 31. Qxd7 Qe7 32. Qg4 Nd3 0-1

[Event "BL 0708 SC Kreuzberg - Hamburger SK"]
[Site "?"]
[Date "2008.04.06"]
[Round "13.6"]
[White "Loeffler, Stefan"]
[Black "Mueller, Karsten Dr"]
[Result "1/2-1/2"]
[WhiteElo "2409"]
[BlackElo "2515"]
[PlyCount "82"]
[EventDate "2008.??.??"]

1. d4 Nf6 2. c4 c5 3. d5 e6 4. Nc3 exd5 5. cxd5 d6 6. Nf3 g6 7. Nd2 Bg7 8. e4
O-O 9. Be2 Nbd7 10. O-O Re8 11. Rb1 a6 12. a4 Qc7 13. h3 g5 14. Nc4 Nxe4 15.
Nxe4 Rxe4 16. Bd3 Rxc4 17. Bxc4 Ne5 18. Be2 Bf5 19. Bxg5 Bxb1 20. Qxb1 Re8 21.
b4 c4 22. b5 Nd7 23. Be3 c3 24. bxa6 bxa6 25. Bxa6 c2 26. Qc1 Qc3 27. Bb5 Re7
28. Re1 Qxe1+ 29. Qxe1 Bb2 30. Qb4 Rxe3 31. Qxb2 Re1+ 32. Kh2 c1=Q 33. Qxc1
Rxc1 34. Bxd7 Rc3 35. g4 Kg7 36. Kg2 Kf6 37. f4 Ke7 38. Bc6 Rc2+ 39. Kg3 Rc3+
40. Kg2 Rc2+ 41. Kg3 Rc3+ 1/2-1/2

[Event "BL 0708 SC Kreuzberg - Hamburger SK"]
[Site "?"]
[Date "2008.04.06"]
[Round "13.7"]
[White "Heinemann, Thies"]
[Black "Schilow, Vladimir"]
[Result "1/2-1/2"]
[WhiteElo "2478"]
[BlackElo "2400"]
[PlyCount "97"]
[EventDate "2008.??.??"]

1. e4 e6 2. d4 d5 3. Nd2 a6 4. Bd3 c5 5. exd5 exd5 6. Qe2+ Qe7 7. dxc5 Qxe2+ 8.
Nxe2 Bxc5 9. Nb3 Bb6 10. Nbd4 Nc6 11. Be3 Ne5 12. Rd1 Ne7 13. O-O f6 14. c3 Kf7
15. Nc2 Bc7 16. Bc5 Nxd3 17. Rxd3 Bf5 18. Re3 Ng6 19. Nb4 Rad8 20. Rd1 Be6 21.
Re1 a5 22. Nd4 Bc8 23. Nbc2 Rhe8 24. Nb5 Bf4 25. Rxe8 Rxe8 26. g3 Rxe1+ 27.
Nxe1 Bd7 28. Nd6+ Bxd6 29. Bxd6 Ne5 30. Bc7 a4 31. Bxe5 fxe5 32. Nd3 Kf6 33.
Nb4 Ke6 34. Kf1 Bb5+ 35. Ke1 d4 36. cxd4 exd4 37. Kd2 Ke5 38. f3 g5 39. Nd3+
Kd6 40. Nf2 Bc6 41. Kd3 Ke5 42. Ng4+ Kf5 43. Kxd4 Bxf3 44. Ne3+ Ke6 45. b4 axb3
46. axb3 Bc6 47. b4 h5 48. Nc4 h4 49. Ne3 1/2-1/2

[Event "BL 0708 SK Zehlendorf - Werder Bremen"]
[Site "?"]
[Date "2008.04.06"]
[Round "13.1"]
[White "Fressinet, Laurent"]
[Black "Maksimenko, Andrei"]
[Result "1-0"]
[WhiteElo "2654"]
[BlackElo "2505"]
[PlyCount "66"]
[EventDate "2008.??.??"]

1. d4 d5 2. Nf3 Nf6 3. c4 e6 4. Nc3 c6 5. e3 Nbd7 6. Bd3 dxc4 7. Bxc4 b5 8. Bd3
Bd6 9. O-O O-O 10. Qc2 Bb7 11. a3 a5 12. e4 e5 13. dxe5 Nxe5 14. Nxe5 Bxe5 15.
h3 Re8 16. Be3 Bd4 17. Rfe1 h6 18. Rad1 Bxe3 19. Rxe3 Qb6 20. Qe2 Rad8 21. e5
Nd7 22. e6 Nf6 23. Ne4 Nxe4 24. exf7+ Kxf7 25. Bxe4 Re6 26. Re1 Bc8 27. Qh5+
Kg8 28. Bc2 Rxe3 29. Rxe3 Rf8 30. Qg6 Qc5 31. Qh7+ Kf7 32. Bb3+ Kf6 33. Rg3 Ke7
1-0

[Event "BL 0708 SK Zehlendorf - Werder Bremen"]
[Site "?"]
[Date "2008.04.06"]
[Round "13.2"]
[White "Berczes, David"]
[Black "Meier, Georg"]
[Result "1/2-1/2"]
[WhiteElo "2430"]
[BlackElo "2558"]
[PlyCount "53"]
[EventDate "2008.??.??"]

1. d4 e6 2. c4 Nf6 3. Nf3 Bb4+ 4. Nbd2 O-O 5. a3 Be7 6. e4 d5 7. e5 Nfd7 8. b4
a5 9. b5 c5 10. cxd5 exd5 11. Bd3 cxd4 12. Qc2 Nc5 13. Bxh7+ Kh8 14. Bd3 Nbd7
15. O-O Nxd3 16. Qxd3 Nc5 17. Qxd4 Bf5 18. Qe3 Bd3 19. Re1 Bxb5 20. a4 Bxa4 21.
e6 Bc2 22. exf7 Rxf7 23. Ba3 b6 24. Ne5 Rf6 25. Ng4 Rg6 26. Ne5 Rf6 27. Ng4
1/2-1/2

[Event "BL 0708 SK Zehlendorf - Werder Bremen"]
[Site "?"]
[Date "2008.04.06"]
[Round "13.3"]
[White "Kritz, Leonid"]
[Black "Prohaszka, Peter"]
[Result "1/2-1/2"]
[WhiteElo "2596"]
[BlackElo "2470"]
[PlyCount "51"]
[EventDate "2008.??.??"]

1. f4 d5 2. Nf3 Nf6 3. e3 g6 4. b4 c6 5. Bb2 a5 6. bxa5 Bg7 7. Be2 O-O 8. O-O
Nbd7 9. a4 Qxa5 10. Nd4 Nc5 11. Nc3 Qc7 12. Ra2 Ne6 13. Nb3 Ne8 14. a5 Nd6 15.
Na4 Bxb2 16. Rxb2 Nc4 17. Bxc4 dxc4 18. Nb6 cxb3 19. Nxa8 Qxa5 20. Qa1 Qxd2 21.
Rxb3 Nc5 22. Ra3 b5 23. Nb6 Bf5 24. Qd4 Qxc2 25. Rc3 Ne6 26. Rxc2 1/2-1/2

[Event "BL 0708 SK Zehlendorf - Werder Bremen"]
[Site "?"]
[Date "2008.04.06"]
[Round "13.4"]
[White "Berger, Steve"]
[Black "Hracek, Zbynek"]
[Result "1/2-1/2"]
[WhiteElo "2410"]
[BlackElo "2598"]
[PlyCount "91"]
[EventDate "2008.??.??"]

1. e4 c5 2. Nc3 Nc6 3. Bb5 Nd4 4. Bc4 e6 5. Nf3 a6 6. Nxd4 cxd4 7. Ne2 Nf6 8.
d3 Bc5 9. O-O d5 10. exd5 Nxd5 11. Nf4 Nxf4 12. Bxf4 O-O 13. Qh5 Bd6 14. Bxd6
Qxd6 15. f4 Bd7 16. Qe5 Qxe5 17. fxe5 Rfd8 18. Rf4 Be8 19. Raf1 h6 20. b4 a5
21. b5 a4 22. a3 Rac8 23. Rb1 Rc5 24. Re4 Kf8 25. Rb4 Ra8 26. Kf2 Ke7 27. Ke1
Ra5 28. Kd2 Bxb5 29. Bxb5 Raxb5 30. Rxb5 Rxb5 31. Rxd4 Rxe5 32. Rxa4 Kd6 33.
Rg4 g5 34. Rb4 Kc6 35. d4 Rf5 36. Ke2 Ra5 37. Rb3 Ra4 38. Rc3+ Kd6 39. Rb3 Kc6
40. Rc3+ Kd5 41. Rc7 f5 42. c3 Rxa3 43. Kd3 Ra2 44. Rxb7 Kd6 45. Rh7 Rxg2 46.
Rxh6 1/2-1/2

[Event "BL 0708 SK Zehlendorf - Werder Bremen"]
[Site "?"]
[Date "2008.04.06"]
[Round "13.5"]
[White "Nyback, Tomi"]
[Black "Werner, Dimo"]
[Result "1-0"]
[WhiteElo "2565"]
[BlackElo "2346"]
[PlyCount "57"]
[EventDate "2008.??.??"]

1. d4 Nf6 2. c4 e6 3. g3 d5 4. Nf3 dxc4 5. Bg2 Nc6 6. O-O Rb8 7. Nc3 b5 8. Ne5
Nxe5 9. dxe5 Nd7 10. Qd4 Bb7 11. Bxb7 Rxb7 12. Rd1 c6 13. Ne4 Qb6 14. Qc3 Nc5
15. Nd6+ Bxd6 16. exd6 Ne4 17. Qf3 f5 18. Be3 c5 19. Qh5+ g6 20. Qh4 O-O 21. d7
Qd8 22. f3 g5 23. Qh6 Rf6 24. Qh5 f4 25. Qe8+ Rf8 26. Qxe6+ Rf7 27. Qe8+ Rf8
28. Qxe4 fxe3 29. Qxb7 1-0

[Event "BL 0708 SK Zehlendorf - Werder Bremen"]
[Site "?"]
[Date "2008.04.06"]
[Round "13.6"]
[White "Orzech, Dominik"]
[Black "Babula, Vlastimil"]
[Result "0-1"]
[WhiteElo "2483"]
[BlackElo "2596"]
[PlyCount "72"]
[EventDate "2008.??.??"]

1. Nf3 c5 2. c4 Nf6 3. g3 d5 4. cxd5 Nxd5 5. Bg2 Nc6 6. Nc3 Nc7 7. O-O e5 8. d3
Be7 9. Nd2 Bd7 10. Nc4 f6 11. f4 b5 12. Ne3 Rb8 13. fxe5 Nxe5 14. Nf5 O-O 15.
Ne4 Bxf5 16. Rxf5 Ne6 17. Be3 g6 18. Rxe5 fxe5 19. Qb3 c4 20. dxc4 Nd4 21. Bxd4
Qxd4+ 22. e3 bxc4 23. exd4 cxb3 24. dxe5 Rb5 25. e6 Ra5 26. a3 Re5 27. Nd2 Re2
28. Nxb3 Rxb2 29. Bd5 Kg7 30. a4 Rf5 31. Bc4 Rff2 32. Bd5 Bg5 33. Re1 Rfc2 34.
Be4 Be3+ 35. Rxe3 Rb1+ 36. Nc1 Rbxc1+ 0-1

[Event "BL 0708 SK Zehlendorf - Werder Bremen"]
[Site "?"]
[Date "2008.04.06"]
[Round "13.7"]
[White "Pelletier, Yannick"]
[Black "Klimm, Wolf-Dietrich"]
[Result "1/2-1/2"]
[WhiteElo "2609"]
[BlackElo "2286"]
[PlyCount "80"]
[EventDate "2008.??.??"]

1. Nf3 Nf6 2. c4 c5 3. Nc3 b6 4. e4 d6 5. d4 cxd4 6. Nxd4 Bb7 7. Bd3 e6 8. O-O
Be7 9. Qe2 Nc6 10. Nxc6 Bxc6 11. Rd1 Qb8 12. Bc2 O-O 13. Bg5 h6 14. Bf4 Rd8 15.
Nd5 Qb7 16. Nxf6+ Bxf6 17. Bxd6 Bxb2 18. Rab1 Bf6 19. e5 Be7 20. Qd3 g6 21. f3
Bxd6 22. exd6 Qa6 23. Qc3 Be8 24. Rd4 Qc8 25. Rbd1 Qc5 26. Kh1 Bc6 27. d7 Rab8
28. Rd6 Rb7 29. Bxg6 Rdxd7 30. Rxd7 Rxd7 31. Rxd7 Bxd7 32. Be4 b5 33. Qd2 Qxc4
34. h3 Bc6 35. Bxc6 Qxc6 36. Qxh6 Qd5 37. Qf4 Qxa2 38. Qg5+ Kh7 39. Qxb5 Qa1+
40. Kh2 Qd4 1/2-1/2

[Event "BL 0708 SK Zehlendorf - Werder Bremen"]
[Site "?"]
[Date "2008.04.06"]
[Round "13.8"]
[White "Brener, Ilia"]
[Black "Fish, Gennadij"]
[Result "1-0"]
[WhiteElo "2382"]
[BlackElo "2546"]
[PlyCount "93"]
[EventDate "2008.??.??"]

1. Nf3 Nf6 2. c4 b6 3. g3 Bb7 4. Bg2 e6 5. O-O c5 6. Nc3 Be7 7. Re1 d5 8. cxd5
exd5 9. d4 O-O 10. Bf4 Na6 11. Rc1 c4 12. Ne5 Qc8 13. b3 Ba3 14. Rb1 Bb4 15.
Bd2 Bxc3 16. Bxc3 Ne4 17. Bxe4 dxe4 18. Nxc4 e3 19. f3 b5 20. Nd6 Qxc3 21. Nxb7
Nb4 22. Rc1 Qb2 23. Nd6 Rad8 24. Nxb5 a6 25. Rc4 Nxa2 26. Nc7 Rb8 27. Nxa6 Rxb3
28. Nc5 Ra3 29. Qc2 Qxc2 30. Rxc2 Nb4 31. Rb2 Nd5 32. f4 h6 33. Kg2 Rd8 34. Rd1
Nc3 35. Rd3 Na4 36. Rb8 Rxb8 37. Rxa3 Nxc5 38. dxc5 Rb2 39. Kf3 Rc2 40. Ra8+
Kh7 41. Rc8 Rc3 42. Ke4 Kg6 43. Kd4 Rc1 44. Re8 Rd1+ 45. Kc4 Rc1+ 46. Kb5 Rc3
47. Kb4 1-0